00977nam a22002297a 4500003000900000008004100009020001800050040007100068082002100139100002500160245004900185260009700234300003100331440002800362505011500390650003300505650003200538650003400570650005800604650005100662710003400713AR-CdUCM190320b ||||| |||| 00| 0 spa d a9786124702433 aMUNICIPALIDAD PROVINCIAL DEL CUSCOcBIBLIOTECA MUNICIPAL DEL CUSCO a398.20985 /bP34 aPease G.Y., Franklin aEl mar peruano : mitos andinos y europeos /  aLima : bSociedad Geográfica de Lima : b[Tarea Asociación Gráfica Educativa], c2015. a199 páginas ; c24.5 cm. aGeografía histórica aContenido: Mitología y mar -- Mitos del mar en la región andina -- Los mitos europeos y el mar peruano ... aMitología andina - Perú  aMar en la historia - Perú aLeyendas - Historia - Perú  aDescubrimientos y exploraciones - Crónicas - Perú aMar del pacífico - Costas del Perú - Mitos aSociedad Geográfica de Lima